000 00963cab a2200277 4500
001 ABS56227
008 090401t1996 xxu||||| |||| 00| 0 eng d
035 _a(Sirsi) u22055
041 _aeng
100 _aShelton, M.
245 _aTermination of business tenancies: a tenant`s strategy for a falling rental market
260 _c1996
350 _a0
490 _aRent Review & Lease Renewal
_v16(4) 1996, 15-21(7)
520 _aConsiders the tenant`s problem of reducing historic rents quickly on a lease renewal where landlords try to slow matters down. Presents a strategy to manipulate lease renewals, including specimen directions for conduct at trial.
650 _aBUSINESS TENANCIES
650 _aFALLING MARKET
650 _aLEASE RENEWAL
650 _aLEASES
650 _aMARKET CONDITIONS
650 _aRENEWAL
650 _aRENT REVIEWS
690 _aLANDLORD AND TENANT-BUSINESS TENANCIES
942 _n0
948 _c04/03/1997
999 _c14770
_d14770